Goethe (Record no. 152445)

MARC details
000 -LEADER
campo de control de longitud fija 00878nam a22002055i 4500
001 - NÚMERO DE CONTROL
campo de control 152445
003 - IDENTIFICADOR DE NÚMERO DE CONTROL
campo de control ES-MaACL
005 - FECHA Y HORA DE LA ÚLTIMA TRANSACCIÓN
campo de control 20230906204741.0
008 - DATOS DE LONGITUD FIJA--INFORMACIÓN GENERAL
campo de control de longitud fija 051013s1872 fr | |||||||| ||fre d
040 ## - FUENTE DE CATALOGACIÓN
Centro catalogador/agencia de origen CAM
Lengua de catalogación spa
Centro/agencia transcriptor CAM
100 0# - ENTRADA PRINCIPAL--NOMBRE DE PERSONA
Nombre de persona Bossert, Adolphe.
9 (RLIN) 30714
245 10 - MENCIÓN DEL TÍTULO
Título Goethe
Resto del título : ses précurseurs et ses contemporains ...;avec un discours sur les caractères de la littérature classique en Allemagne /
Mención de responsabilidad, etc. par A. Bossert.
260 ## - PUBLICACIÓN, DISTRIBUCIÓN, ETC.
Lugar de publicación, distribución, etc. Paris :
Nombre del editor, distribuidor, etc. Librairie Hachette et Cie.,
Fecha de publicación, distribución, etc. 1872 (
Lugar de fabricación/manufactura Corbeil :
Fabricante Imp. de Crété Fils)
300 ## - DESCRIPCIÓN FÍSICA
Extensión XXV, 294 p. ;
Dimensiones 22 cm.
490 1# - MENCIÓN DE SERIE
Mención de serie Cours de litterature allemande fait a La Sorbonne
600 14 - PUNTO DE ACCESO ADICIONAL DE MATERIA--NOMBRE DE PERSONA
Nombre de persona Goethe, Johann Wolfgang von,
Fechas asociadas al nombre 1749-1832-
Subdivisión general Crítica e interpretación
9 (RLIN) 57571
830 0# - PUNTO DE ACCESO ADICIONAL DE SERIE-TÍTULO UNIFORME
Título uniforme Cours de litterature allemande fait a La Sorbonne
9 (RLIN) 221328
852 ## - LOCALIZACIÓN
Ubicación ES-MaACL
Número de control de estantería D-4607
Nota libre -- Enc. hol.
Holdings
Estatus retirado Estado de pérdida Estado de daño No para préstamo Colección Biblioteca de origen Biblioteca actual Ubicación en estantería Fecha de adquisición Fuente de adquisición Total de préstamos Signatura topográfica completa Código de barras Visto por última vez Precio de reemplazo Tipo de ítem Koha
        Libros del s. XIX Biblioteca del Ateneo de Madrid Biblioteca del Ateneo de Madrid Sala Valle Inclán 17/01/2008     D-4607 901159183 23/02/2023 23/02/2023 Libro impreso antiguo